Del realismo socialista al estructuralismo
Saved in:
| Main Author: | |
|---|---|
| Format: | Book |
| Language: | Spanish |
| Published: |
Madrid
Alberto Corazón
1976
|
| Series: | Comunicación
|
| Subjects: | |
| Tags: |
Add Tag
No Tags, Be the first to tag this record!
|
MARC
| LEADER | 00000nam a2200000 a 4500 | ||
|---|---|---|---|
| 001 | UCQ9921 | ||
| 003 | CL-VaPUC | ||
| 008 | 990127e19760000SP |||||||||||||||||spa|d | ||
| 082 | 0 | 4 | |a 801.95 |b GUI |2 21 |
| 100 | 0 | |a Guiducci, A |e author |9 424615 | |
| 245 | 1 | 0 | |a Del realismo socialista al estructuralismo |
| 300 | |a 319 p | ||
| 942 | |c BK | ||
| 945 | |d 19990127 00:00:00 |a cmena | ||
| 260 | |a Madrid |b Alberto Corazón |c 1976 | ||
| 650 | 0 | |a Crítica literaria |9 269189 | |
| 650 | 0 | |a Filosofía de la literatura |9 267374 | |
| 650 | 0 | |a Realismo |9 259117 | |
| 650 | 0 | |a Estructuralismo |9 265696 | |
| 650 | 0 | |a Crítica e interpretación |9 255042 | |
| 583 | |a last modification |c 19990127 00:00:00 |k Rodrigo Vera | ||
| 490 | 0 | |a Comunicación | |
| 999 | |c 278821 |d 278819 | ||
| 952 | |0 0 |1 0 |4 0 |6 801_950000000000000_GUI_1976 |7 0 |8 A |9 317606 |a FDOPOS |b FDOPOS |d 2019-11-20 |i 1321463 |o 801.95 GUI 1976 |p 1321463 |r 2025-01-22 |w 2019-11-20 |y BK |k MLH | ||